Statistics for Numbers in Pictures - 90's

Click here to take the quiz!

General Stats

  • This quiz has been taken 31 times
  • The average score is 8 of 15

Answer Stats

Answer% Correct
99 {Cents} Only
90%
95 {Miles} To Go
87%
99 Red/Luft {Balloons}
87%
98 {Degrees}
84%
{Windows} 95/98
81%
The {House} on 92nd Street
68%
{Nike} Total 90
58%
99 {Problems}
55%
{Flight} 93
55%
96 {Tears}
45%
{Number} 96
29%
{Form} I-94
13%
The {Trail} of 98
13%
{Wreck} of the Old 97
13%
{Strontium}-90
10%

Score Distribution

Percentile by Number Answered

Percent of People with Each Score

Your Score History

You have not taken this quiz